000 00306nam a22001337a 4500
008 180921b xxu||||| |||| 00| 0 eng d
020 _a9780875525211
041 _aeng
080 _a2
100 _a24
101 _aTEO
245 _aThe Westminster Shorter Catechism
_cWilliamson, .CI
942 _2udc
_cBK
999 _c48202
_d48202